Охотник на демонов: Фантастические романы

Dades bibliogràfiques
Autor principal: Басов Н. В. Николай Владленович
Sumari:Исключено из фонда НТБ ТПУ
Idioma:rus
Publicat: Москва, ЭКСМО-Пресс, 1999
Col·lecció:Наши звезды
Format: Llibre
KOHA link:https://koha.lib.tpu.ru/cgi-bin/koha/opac-detail.pl?biblionumber=13166

MARC

LEADER 00000nam0a2200000 4500
001 13166
005 20231030184851.0
010 |a 5040038690 
035 |a (RuTPU)RU\TPU\book\13247 
090 |a 13166 
100 |a 20011209d1999 m y0rusy50 ca 
101 0 |a rus 
102 |a RU 
105 |a y z 000ay 
200 1 |a Охотник на демонов  |e Фантастические романы  |f Н. В. Басов 
210 |a Москва  |c ЭКСМО-Пресс  |d 1999 
215 |a 464 с. 
225 1 |a Наши звезды 
333 |a Исключено из фонда НТБ ТПУ 
675 |a Р2  |v 3 
700 1 |a Басов  |b Н. В.  |g Николай Владленович 
801 0 |a RU  |b 63413507  |c 20011209  |g PSBO 
801 2 |a RU  |b 63413507  |c 20211217  |g PSBO 
942 |c BK